Gastrópodos de la región subexerofítica de La Herrera, Mosquera, Cundinamarca. Colombia (Registro nro. 16326)
[ vista simple ]
| 000 -CABECERA | |
|---|---|
| Campo de control | 006440000a22001810004500 |
| 090 ## - CLASIFICACIÓN LOCAL | |
| Colección | Seriadas |
| 044 ## - PAÍS DE PUBLICACIÓN | |
| País de publicación | |
| 041 0# - IDIOMA | |
| Código de idioma para texto/pista de sonido o título separado | |
| 100 1# - ASIENTO PRINCIPAL--NOMBRE PERSONAL | |
| Nombre personal | Vera Ardila, Mónica Lucía |
| 245 10 - MENCION DE TITULO | |
| Título | Gastrópodos de la región subexerofítica de La Herrera, Mosquera, Cundinamarca. Colombia |
| 651 #4 - ASIENTO SECUNDARIO DE MATERIA - NOMBRE GEOGRAFICO | |
| -- | Colombia |
| -- | Cundinamarca |
| -- | Mosquera |
| 700 1# - ASIENTO SECUNDARIO - NOMBRE PERSONAL | |
| Nombre personal | Linares, Edgar L. |
| 773 1# - Item fuente: | |
| Título | Revista de la Academia Colombiana de ciencias exactas, físicas y naturales |
| Descripción física | 112 |
| Paginas del Articulo | 439-456 |
| Lugar, editorial y fecha de publicación | 2005 |
| Información sobre la relación | 29 |
| 942 ## - ELEMENTOS ADICIONALES (KOHA) | |
| Tipo de ítem | Artículo |
No hay ítems disponibles.